[Event "RUS-chT Rapid Men 2018"]
[Site "Sochi"]
[Date "2018.10.09"]
[Round "8"]
[White "Alekseev, Evgeny"]
[Black "Vastrukhin, Oleg"]
[Result "1-0"]
[WhiteElo "2620"]
[BlackElo "2413"]
[Annotator "TA"]
[PlyCount "59"]
[EventDate "2018.10.05"]
[EventType "swiss"]
[EventCountry "RUS"]
[SourceTitle "playchess.com"]
[Source "ChessBase"]
[SourceQuality "1"]

{[%evp 9,59,35,59,0,42,-1,32,-68,-42,-79,24,23,23,22,24,23,19,23,21,29,70,37,67,26,79,22,84,79,77,70,71,81,76,69,171,56,118,135,147,154,178,148,302,288,296,294,737,716,864,832,2235,2215]} 1. Nf3 g6 2. e4 Bg7 3. d4 c6 4. c3 d5 5. e5 f6 (5... Bg4 6. Nbd2 f6 7. h3 Bxf3 8. Nxf3 Nd7 9. exf6 exf6 10. Bd3 Qe7+ 11. Kf1 f5 12. Qb3 O-O-O 13. Qa4 Kb8 {1-0 (44) Anton Guijarro,D (2648)-Martinez Martin,D (2376) Neuquen 2017}) 6. Bf4 {B06: Modern Defence} (6. Bd3 $14) 6... Nh6 7. h3 Nf7 8. Bh2 $146 (8. exf6 $14 Bxf6 9. c4) ({Predecessor:} 8. Bd3 fxe5 9. Nxe5 Nxe5 10. Bxe5 Bxe5 11. dxe5 O-O 12. O-O Bf5 13. b4 {0-1 (35) Reis,L-Ferreira,A (2295) Lisbon 1992}) 8... Qb6 9. Qb3 Be6 (9... fxe5 $17 {White must now prevent ...e4.} 10. dxe5 O-O) 10. exf6 $11 exf6 11. Bd3 $36 {[%mdl 2048] White fights for an advantage.} O-O 12. O-O Nd7 13. Nbd2 Rfe8 14. Rfe1 Nf8 15. Qc2 Qd8 16. a4 a5 (16... Nd6 $11) 17. b4 (17. Re2 $16) 17... Nd6 (17... axb4 $11 {remains equal.} 18. cxb4 Bd7) 18. Nb3 axb4 19. cxb4 Bf7 20. Rxe8 Bxe8 21. a5 Bf7 ({Black should play} 21... f5 $14) 22. Re1 (22. a6 $18) 22... Ne6 {[#]} ({Black should try} 22... Nc4 $14) 23. a6 $1 $16 {[%mdl 512]} bxa6 24. Qxc6 Ne4 25. Bxa6 h5 $2 (25... Bh6 $16 {was necessary.} 26. Nc5 Nf4) 26. Nc5 $18 N6xc5 27. dxc5 {[%cal Bd4c5,Bc5c6][%mdl 32]} ({Don't play} 27. bxc5 $6 Ra7 $18) 27... Be8 $2 {[#]} (27... Bf8 28. Nd4 Ra7) 28. Qb7 {White is clearly winning.} Rxa6 29. Qxa6 Nc3 30. c6 {Precision: White = 48%, Black = 17%.} 1-0

[Event "RUS-chT Rapid Men 2018"]
[Site "Sochi"]
[Date "2018.10.09"]
[Round "8"]
[White "Kobalia, Mikhail"]
[Black "Gutenev, Alexander"]
[Result "1/2-1/2"]
[WhiteElo "2620"]
[BlackElo "2456"]
[Annotator "TA"]
[PlyCount "62"]
[EventDate "2018.10.05"]
[EventType "swiss"]
[EventCountry "RUS"]
[SourceTitle "playchess.com"]
[Source "ChessBase"]
[SourceQuality "1"]

{[%evp 22,62,0,0,52,47,43,43,45,41,43,-5,-8,-3,-5,-6,-10,-24,-29,-25,33,0,173,0,0,0,0,0,27,0,0,0,0,0,0,0,0,0,0,0,0,0,0]} 1. e4 c5 2. Nc3 Nc6 3. Nge2 d6 4. d4 cxd4 5. Nxd4 Nf6 6. Bg5 e6 7. Qd2 Be7 8. O-O-O O-O 9. f4 Nxd4 10. Qxd4 Qa5 11. Bd3 h6 12. h4 Rd8 {B65: Sicilian: Richter-Rauzer: 7...Be7 8 0-0-0 0-0 9 f4 Nxd4} (12... d5 $11 13. Kb1 Bd7) 13. Qe3 $14 Bd7 14. e5 dxe5 {White is slightly better.} ({Avoid the trap} 14... hxg5 $2 15. hxg5 Ng4 16. Qh3 $18) 15. fxe5 hxg5 {[#]} 16. exf6 $146 ({Predecessor:} 16. hxg5 Ng4 17. Qh3 Bxg5+ 18. Kb1 Nh6 {1-0 (26) Heimann,A (2551)-Barbot,P (2463) Zillertal 2015}) 16... Bxf6 17. Ne4 $1 {[%cal Rh4g5]} gxh4 {Threatens to win with ...Be7.} ({Much less strong is} 17... Qxa2 18. Nxf6+ gxf6 19. hxg5 $17) 18. Nxf6+ gxf6 19. Qf2 Qg5+ 20. Kb1 Kf8 (20... Rac8 $11) 21. Rxh4 {And now Qd4 would win.} Ke7 $2 {[#]} (21... Bb5 $11 {and Black is okay.}) 22. Rf1 $2 (22. Bf5 $1 $18 {[%mdl 512] Qc5+ would kill now.} Qg8 (22... exf5 23. Qc5+) 23. Qc5+ Ke8 24. Be4) 22... Rh8 $1 $11 {[%cal Rh8h4]} 23. Rxh8 Rxh8 24. Qxa7 Qd5 25. Rd1 {aiming for Qa3+.} Rc8 {The position is equal.} 26. g4 Rc7 27. Qf2 Qc5 28. Qf4 Qe5 29. Qb4+ Qc5 30. Qf4 Qe5 31. Qb4+ Qc5 {Precision: White = 64%, Black = 56%.} 1/2-1/2

[Event "RUS-chT Rapid Men 2018"]
[Site "Sochi"]
[Date "2018.10.09"]
[Round "8"]
[White "Chigaev, Maksim"]
[Black "Alekseenko, Kirill"]
[Result "1/2-1/2"]
[WhiteElo "2599"]
[BlackElo "2639"]
[Annotator "TA"]
[PlyCount "123"]
[EventDate "2018.10.05"]
[EventType "swiss"]
[EventCountry "RUS"]
[SourceTitle "playchess.com"]
[Source "ChessBase"]
[SourceQuality "1"]

{[%evp 10,123,23,12,23,23,25,28,19,14,15,9,27,18,27,27,20,28,29,22,31,0,0,0,0,0,0,0,0,0,0,0,0,-10,4,-10,0,0,2,2,18,18,37,36,92,84,92,93,93,93,94,81,94,79,87,87,102,70,76,75,101,92,78,72,83,93,90,54,58,64,93,105,87,91,87,70,70,70,70,70,70,79,81,80,84,26,30,0,88,68,68,73,139,158,178,191,110,125,122,117,110,109,315,294,412,404,293,209,93,8,8,8,8,8,8,8]} 1. e4 e5 2. Nf3 Nc6 3. Bc4 Bc5 4. O-O Nf6 5. d3 d6 6. a4 a6 {C50: Hungarian Defence and Giuoco Pianissimo} 7. c3 Ba7 8. Re1 O-O {White has an edge.} 9. h3 h6 10. Nbd2 Re8 11. b4 Be6 12. Bxe6 Rxe6 13. Qc2 Qd7 14. Nf1 d5 15. Ng3 Rd8 {[#]} 16. Bb2 $146 ({Predecessor:} 16. exd5 Qxd5 {½-½ (63) Carlsen,M (2834)-Kramnik,V (2787) Wijk aan Zee 2018}) 16... dxe4 17. dxe4 Qd3 18. Qxd3 Rxd3 19. Red1 Rxd1+ 20. Rxd1 g6 21. Kf1 Rd6 22. Rb1 Nd7 23. a5 b6 24. axb6 Nxb6 25. Ke2 Nc4 26. Bc1 h5 (26... a5 $14) 27. Nf1 $16 f6 28. N1d2 Nxd2 29. Nxd2 ({But not} 29. Bxd2 a5 $11) 29... Nb8 30. Ra1 Bb6 31. Nb3 Rc6 32. Bd2 Kf7 33. h4 f5 34. f3 Rc4 35. Kd3 Rc6 36. Be1 Rd6+ 37. Ke2 Rc6 38. Nc1 fxe4 39. fxe4 Rc4 40. Kd3 Rc6 41. Nb3 Rf6 42. Ke2 Rf4 43. Nd2 $1 Rg4 44. g3 {[%cal Bg2g3,Bg3h4][%mdl 32] Black must now prevent Kd3.} g5 45. hxg5 Ke6 46. Bf2 Rxg5 47. Rh1 (47. Be1 $16) 47... Nd7 $11 48. Ra1 h4 (48... Nb8 $1 $11) 49. gxh4 Rg2 50. Rf1 Rh2 (50... Nf6 $142) 51. Nf3 $16 Rg2 52. Ng5+ Kf6 53. Kf3 Rxf2+ 54. Rxf2 Bxf2 55. Kxf2 {[%mdl 4096] Endgame KN-KN} c5 $2 {[#]} (55... Nb8 $16 56. Nf3 Nd7) 56. Ke3 c4 (56... cxb4 $142 57. cxb4 Nf8) 57. Nf3 $18 Kg6 58. Nd2 Nb6 {[#]} 59. Kf3 (59. Ke2 $1 $16) 59... Kh5 $11 {The position is equal.} 60. Kg3 {And now Kh3 would win.} Na4 61. Nxc4 Nxc3 62. Nxe5 {Precision: White = 64%, Black = 58%.} 1/2-1/2

[Event "RUS-chT Rapid Men 2018"]
[Site "Sochi"]
[Date "2018.10.09"]
[Round "8"]
[White "Potkin, Vladimir"]
[Black "Bocharov, Dmitry"]
[Result "1-0"]
[WhiteElo "2597"]
[BlackElo "2557"]
[Annotator "TA"]
[PlyCount "153"]
[EventDate "2018.10.05"]
[EventType "swiss"]
[EventCountry "RUS"]
[SourceTitle "playchess.com"]
[Source "ChessBase"]
[SourceQuality "1"]

{[%evp 25,153,21,46,17,43,43,38,35,43,36,48,40,55,20,38,9,35,41,30,0,56,50,64,72,192,78,99,96,110,102,95,112,101,0,7,5,6,12,9,4,4,2,170,3,11,13,7,0,0,0,0,0,10,0,0,0,0,0,763,760,743,708,759,729,697,693,614,89,93,0,597,0,98,92,112,115,66,0,0,0,0,0,0,0,0,0,0,-197,0,0,0,0,0,0,16,11,63,61,78,47,0,0,0,0,889,882,1425,415,412,408,428,405,403,383,359,343,29973,29974,29974,29975,29971,29970,29986,29987,29987,29988,29992,29993,29995,29996]} 1. Nf3 c5 2. c4 Nc6 3. Nc3 Nf6 4. e3 e6 5. d4 d5 6. a3 a6 7. dxc5 Bxc5 8. b4 Ba7 9. Bb2 O-O 10. Be2 d4 {D40: Damengambit (Verbesserte Tarrasch-Verteidigung)} 11. exd4 Nxd4 12. Nxd4 Bxd4 13. O-O e5 {LiveBook: 5 Partien} 14. Na4 {[#]} Bxb2 $146 ({Vorgänger:} 14... Bd7 15. Bxd4 Bxa4 16. Qxa4 exd4 17. Bf3 Qc7 18. c5 {0-1 (39) Anelli,A (2060)-Flores,D (2569) Buenos Aires 2015}) 15. Nxb2 Qc7 16. c5 Be6 17. Bc4 Rad8 18. Qe2 Nd5 19. Rfe1 f6 20. g3 Qf7 21. Qf3 Rd7 22. Na4 Nf4 (22... Nc7 $11 23. Be2 Nb5) 23. Bf1 $1 $14 Qg6 24. Nb6 Rd4 (24... Re7 $16) 25. Rad1 (25. Qxb7 $18 Nd3 26. Bxd3 (26. Qxa6 Nxe1 27. Rxe1 Qc2 $11) 26... Qxd3 27. Rad1 Qxd1 28. Rxd1 Rxd1+ 29. Kg2) 25... Bg4 26. Qb3+ Be6 27. Bc4 $1 {[%cal Rc4e6]} Rxc4 28. Nxc4 Nh3+ 29. Kf1 ({Weiss kommt nicht vorbei an} 29. Kg2 $16) 29... Qf7 30. Rc1 Rd8 $1 {[%cal Rd8d4]} 31. Qc3 {Schwarz muss nun Sd6 beachten.} Qh5 32. Nd6 $1 Ng5 $1 33. h4 ({Falsch wäre} 33. Nxb7 $2 Qh3+ 34. Ke2 (34. Kg1 $2 Bd5 $19) 34... Rd4 $19) 33... Nf3 $2 (33... Bh3+ $11 {und Schwarz steht sicher.} 34. Kg1 Qf3 35. Qxf3 Nxf3+ 36. Kh1 Nxe1 37. Rxe1 Bd7) 34. Kg2 $2 (34. Re3 $18 Bd5 35. Qd3 Nh2+ 36. Ke1 Nf3+ 37. Kd1 Nd4+ 38. Kd2) 34... Bd5 $1 $11 35. Re4 Nd4 36. Kh2 Bxe4 37. Nxe4 Qf5 38. Qe3 Qg4 39. Kg2 Nf5 40. Qb3+ Kh8 {[#]} 41. Nd6 $1 {[%mdl 512]} Nxh4+ $2 {[%mdl 8192]} (41... Nxd6 $11 42. cxd6 Rxd6) 42. Kf1 $18 {Weiss will mit Sf7+ Matt setzen.} Qh3+ 43. Ke2 {Droht Matt per Sf7+.} Rf8 44. Nf7+ Rxf7 45. Qxf7 {[%cal Rf7f8][%mdl 4096] Endspiel KDT-KDS} Qg4+ 46. Kf1 $2 (46. Kd3 $18 {[%cal Rf7f8] bietet bessere Gewinnchancen.} Qf3+ 47. Kc2 (47. Kc4 h6 $11)) 46... Qh3+ $16 47. Ke2 $2 {[%mdl 8192]} (47. Ke1 $16 {[%cal Rf7f8]} Nf3+ 48. Ke2 Nd4+ 49. Ke3) 47... Qg4+ $18 48. Kf1 $2 (48. Kd3 $18 {[%cal Rf7f8]} Qf3+ 49. Kc2 (49. Kc4 h6 $11)) 48... Qh3+ $16 49. Ke1 {[%cal Rf7f8]} Nf3+ 50. Ke2 {[%cal Rf7f8]} Nd4+ 51. Kd2 ({Günstiger ist} 51. Ke3 $14 Qc8 52. f4) 51... h6 {Droht stark ...Dg2.} 52. Qc4 Qg2 53. Rf1 Qf3 54. Qd3 {Droht Dxf3 und aus.} Qd5 55. f3 Qa2+ 56. Ke3 $2 (56. Kd1 $11) 56... Qb2 $2 (56... Qh2 $1 $19 {Und ...f5 würde nun gewinnen.} 57. g4 Nc2+ 58. Ke4 Qf4+ 59. Kd5 Ne3+ 60. Ke6 Nxf1) 57. g4 Qh2 58. Ke4 Qa2 59. Rd1 Qe6 {zielt auf ...Dc6+ ab.} 60. Ke3 Qa2 (60... Qf7 $11) 61. Rd2 $1 $14 {[%cal Rd2a2]} Qa1 {[#]} 62. Ke4 $1 Qh1 63. Qe3 Qb1+ 64. Kd5 a5 $2 {[%mdl 8192]} (64... Qh7 $11) 65. Rxd4 $18 exd4 66. Qxd4 {KD-KD} (66. Qe8+ $142 Kh7 67. Qe4+ Qxe4+ 68. Kxe4) 66... Qb3+ {[#]} 67. Kd6 $1 ({Und nicht} 67. Ke4 Qxa3 68. Qd8+ Kh7 $11) 67... a4 68. Qe4 Qxa3 69. Qxb7 Qd3+ 70. Qd5 Qa6+ $2 (70... Qxd5+ $18 71. Kxd5 a3) 71. c6 {[%cal Bc5c6,Bc6c7][%mdl 32] Weiß setzt Matt.} a3 72. b5 {[%cal Bb4b5,Bb5b6][%mdl 32]} Qb6 73. Kd7 Qa7+ 74. c7 a2 {[#]} 75. b6 $1 {[%mdl 512]} Qa4+ (75... Qxb6 76. c8=Q+) 76. Ke7 Qb4+ 77. Kf7 {Precision: Weiß = 60%, Schwarz = 43%.} 1-0

[Event "RUS-chT Rapid Men 2018"]
[Site "Sochi"]
[Date "2018.10.09"]
[Round "8"]
[White "Maletin, Pavel"]
[Black "Paravyan, David"]
[Result "1-0"]
[WhiteElo "2586"]
[BlackElo "2629"]
[Annotator "TA"]
[PlyCount "79"]
[EventDate "2018.10.05"]
[EventType "swiss"]
[EventCountry "RUS"]
[SourceTitle "playchess.com"]
[Source "ChessBase"]
[SourceQuality "1"]

{[%evp 13,79,29,32,33,83,95,85,71,86,98,101,91,110,100,130,124,139,100,113,81,123,100,102,94,137,123,166,88,55,0,0,0,0,0,0,0,86,90,98,60,94,14,72,77,198,179,303,326,300,296,437,438,504,499,489,454,552,543,722,722,846,845,29981,29981,29993,29994,29994,29995]} 1. c4 {Ramirez Alvarez,Alejandro} c6 2. Nf3 d5 3. g3 g6 4. Bg2 Bg7 5. d4 dxc4 6. Na3 {A11: English Opening: 1...c6} b5 7. Nxb5 cxb5 {LiveBook: 3 Games} 8. Nh4 {White is slightly better.} Nc6 $146 ({Predecessor:} 8... Bd7 9. Bxa8 Nc6 10. Bxc6 Bxc6 11. O-O Qd5 12. f3 Qxd4+ {½-½ (45) Caruana,F (2811)-Anand,V (2797) Zuerich 2015 CBM 165 [Ramirez Alvarez,Alejandro]}) 9. Bxc6+ Bd7 10. Bxa8 Qxa8 11. O-O Nf6 12. f3 O-O 13. e4 b4 14. Be3 Rc8 15. Rc1 Bb5 16. Rf2 e6 17. Ng2 a5 18. a3 bxa3 19. bxa3 Bf8 20. Rb1 ({Better is} 20. Bd2 $18) 20... Qc6 $16 21. Nf4 (21. Qf1 $14) 21... c3 $11 22. d5 exd5 23. exd5 Qc4 {aiming for ...g5.} 24. Qd4 Nd7 (24... c2 $1 $11 {remains equal.} 25. Rxc2 Qxc2 26. Rxb5 Nd7) 25. Qxc4 $16 Bxc4 26. Bd4 {And now Rc2 would win.} g5 {[#]} 27. Nh5 (27. Rc2 $1 $16) 27... Bd3 {[#]} (27... Ba6 $11) 28. Rb7 $1 {[%cal Rb7d7]} Bc5 (28... c2 $16 29. Rxc2 Bxc2 30. Rxd7 Bxa3) 29. Bxc3 $18 Bg6 (29... Bxf2+ $142 30. Kxf2 Rxc3) 30. Nf6+ ({Less strong is} 30. Rxd7 Bxh5 31. Bxa5 Bxf3 $16) ({Weaker is} 30. Bxa5 Ne5 $16) 30... Nxf6 31. Bxf6 g4 (31... h5 $142 32. Bxg5 Bxf2+ 33. Kxf2 Rc5) 32. Kg2 Re8 33. Rd2 gxf3+ 34. Kxf3 Be4+ 35. Kg4 Be3 36. Re2 h5+ 37. Kh4 Bxd5 {[#]} 38. Rxe3 $1 {[%mdl 512] White mates.} Rxe3 39. Rb8+ Kh7 40. Kg5 {Precision: White = 65%, Black = 27%.} 1-0

[Event "RUS-chT Rapid Men 2018"]
[Site "Sochi"]
[Date "2018.10.09"]
[Round "8"]
[White "Rozum, Ivan"]
[Black "Morozevich, Alexander"]
[Result "0-1"]
[WhiteElo "2573"]
[BlackElo "2656"]
[Annotator "TA"]
[PlyCount "58"]
[EventDate "2018.10.05"]
[EventType "swiss"]
[EventCountry "RUS"]
[SourceTitle "playchess.com"]
[Source "ChessBase"]
[SourceQuality "1"]

{[%evp 9,58,0,0,8,7,-3,3,22,33,0,35,6,6,26,23,31,11,27,20,10,23,0,0,-52,-35,-53,-59,-150,-161,-218,-208,-220,-179,-198,-144,-193,-181,-204,-203,-197,-189,-244,-256,-356,-361,-372,-373,-371,-370,-1555,-1528]} 1. c4 e5 2. d3 Nf6 3. Nf3 Nc6 4. a3 (4. g3 Bb4+ 5. Nbd2 a5 6. Bg2 O-O 7. O-O Re8 8. a3 Bc5 9. b3 d5 10. cxd5 Nxd5 11. Bb2 Bg4 {1-0 (54) Karjakin,S (2782)-Caruana,F (2816) Leuven 2018}) 4... g6 5. b4 d6 6. Bb2 {A20: English Opening: 1...e5} Bg7 7. e3 O-O 8. Be2 {The position is equal.} Ng4 $146 ({Predecessor:} 8... a5 9. b5 Ne7 10. Nc3 Bf5 11. d4 exd4 12. Nxd4 Nd7 13. O-O Be6 14. Na4 Nc8 15. Nxe6 fxe6 16. Bxg7 Kxg7 {½-½ (40) Chandler,P (2089)-Danin,A (2585) Neustadt an der Weinstrasse 2017}) 9. h3 Nh6 {[%cal Bg4h6,Bh6f5,Bf5h4,Bh4g2][%mdl 32]} (9... e4 {feels hotter.} 10. Bxg7 exf3 11. Bxf3 Nxe3 12. fxe3 Qh4+) 10. d4 (10. O-O {is more complex.} f5 11. Nc3 Ne7 12. d4 e4 13. Nd2) 10... exd4 11. Nxd4 Nxd4 12. Bxd4 Bxd4 13. Qxd4 Nf5 14. Qb2 d5 15. cxd5 Nh4 $1 {[%cal Rh4g2]} 16. Qd4 (16. Rg1 $11) 16... Nxg2+ $15 17. Kd2 Nh4 $36 {[%mdl 2048] Black is more active.} 18. Kc1 (18. e4 $15) 18... Nf5 $17 19. Qd3 (19. Qf4 {is a better defense.}) 19... Qh4 $19 20. e4 Nd6 (20... Qxf2 21. exf5 Bxf5 22. Qd2 $11) 21. f3 a5 ({Not} 21... Bxh3 22. Kc2 $15) (21... f5 $19 {[%cal Rf5e4]} 22. Nc3 fxe4 23. fxe4 Rf4) 22. bxa5 f5 {[%cal Rf5e4]} ({But not} 22... Rxa5 23. Qd2 $17) ({Worse is} 22... Bxh3 23. Kb2 $15) 23. Nc3 fxe4 24. fxe4 Rxa5 25. Qe3 (25. Qd4 $142) 25... Re8 {[%cal Rd6e4]} 26. Bd3 Qf6 27. Kc2 {[#]} Nf5 $1 {[%mdl 512]} 28. Qd2 (28. exf5 Rxe3) 28... Nd4+ 29. Kb2 $2 (29. Kb1 Nb3 30. Qb2 Nxa1 31. Qb4) 29... Qb6+ {Precision: White = 42%, Black = 82%.} 0-1

[Event "RUS-chT Rapid Men 2018"]
[Site "Sochi"]
[Date "2018.10.09"]
[Round "8"]
[White "Bocharov, Ivan"]
[Black "Nepomniachtchi, Ian"]
[Result "1/2-1/2"]
[WhiteElo "2563"]
[BlackElo "2759"]
[Annotator "TA"]
[PlyCount "68"]
[EventDate "2018.10.05"]
[EventType "swiss"]
[EventCountry "RUS"]
[SourceTitle "playchess.com"]
[Source "ChessBase"]
[SourceQuality "1"]

{[%evp 25,68,21,31,0,0,0,0,0,0,0,0,0,25,25,22,0,37,31,71,79,100,82,91,38,42,0,0,0,0,0,0,0,0,0,0,0,0,0,0,0,0,0,0,0,0]} 1. e4 c5 2. Nf3 d6 3. d4 cxd4 4. Nxd4 Nf6 5. Nc3 a6 6. f3 e5 7. Nb3 Be6 8. Be3 Nc6 9. Qd2 d5 {B90: Sicilian Najdorf: Unusual White 6th moves, 6 Be3 Ng4 and 6 Be3 e5} 10. exd5 Nxd5 11. Nxd5 Qxd5 12. Qxd5 Bxd5 13. O-O-O O-O-O {LiveBook: 15 Games} 14. c4 (14. Be2 Be7 15. Rd2 Be6 16. Rhd1 Rxd2 17. Rxd2 {1-0 (41) Yu,Y (2751)-Nepomniachtchi,I (2729) Riadh 2017}) 14... Be6 15. Rxd8+ Kxd8 $146 ({Predecessor:} 15... Nxd8 16. Bc5 Nc6 17. Bxf8 Rxf8 {0-1 (52) Pilchuk,M (1864)-Katkov,V (2106) Voronezh 2013}) 16. Nc5 Bxc5 17. Bxc5 Kc7 18. Be2 Nd4 19. Bxd4 exd4 $11 {[%mdl 4096] Endgame KRB-KRB} 20. Kd2 a5 21. Bd3 h6 22. Re1 Rd8 23. Re5 b6 24. a3 (24. b3 $16) 24... a4 $14 25. c5 Rb8 {The position is equal.} 26. cxb6+ Rxb6 27. Rb5 Bd7 28. Rxb6 Kxb6 $11 {KB-KB} 29. Bc2 g5 30. g3 Kc5 31. b3 axb3 32. Bxb3 f6 33. f4 Bb5 34. Bf7 Ba6 {Precision: White = 65%, Black = 57%.} 1/2-1/2

[Event "RUS-chT Rapid Men 2018"]
[Site "Sochi"]
[Date "2018.10.09"]
[Round "8"]
[White "Yuffa, Daniil"]
[Black "Kezin, Roman"]
[Result "1-0"]
[WhiteElo "2563"]
[BlackElo "2471"]
[Annotator "TA"]
[PlyCount "154"]
[EventDate "2018.10.05"]
[EventType "swiss"]
[EventCountry "RUS"]
[SourceTitle "playchess.com"]
[Source "ChessBase"]
[SourceQuality "1"]

{[%evp 18,154,14,0,10,10,0,0,10,9,14,-53,0,0,0,0,0,0,0,-7,0,0,3,0,0,0,0,0,4,0,4,2,72,72,72,72,82,42,85,85,71,79,67,75,88,8,9,0,0,0,0,0,0,0,0,0,0,0,0,0,0,0,0,0,0,0,7,0,0,0,0,0,7,0,0,0,0,0,0,0,0,0,0,0,0,0,0,0,0,0,0,0,0,0,0,0,0,0,0,0,0,-108,0,0,0,0,0,0,0,0,0,0,0,0,0,0,0,0,0,0,0,0,0,0,468,443,29973,29974,29978,29979,29979,29980,29980,29981,29981,29982,29981,29982,29989]} 1. d4 d5 2. c4 e6 3. Nf3 Nf6 4. g3 Be7 5. Bg2 O-O 6. O-O dxc4 7. Qc2 b6 8. Qxc4 Bb7 9. Rd1 Nbd7 10. Nc3 a6 {E18: Queen's Indian: Old Main Line (4 g3 Bb7 5 Bg2 Be7 6 0-0 0-0 7 Nc3)} (10... c5 11. dxc5 Bxc5 12. b4 Bxf2+ 13. Kxf2 Rc8 14. Qf4 Rxc3 15. Bb2 Rc7 16. Bxf6 gxf6 17. Rac1 Rxc1 18. Qxc1 Qc8 19. Qxc8 Bxc8 {½-½ (45) Bu,X (2710)-Bacrot,E (2715) Tbilisi 2017}) 11. Bg5 $146 ({Predecessor:} 11. Bf4 Bd6 12. Ne5 b5 13. Qb3 Bxg2 14. Kxg2 Nb6 15. a4 b4 16. Nc6 Qd7 17. Ne5 Qc8 18. Nb1 {0-1 (45) Solomon,G-Bwalya,G (2337) Cape Town 2015}) 11... b5 12. Qb3 c5 {The position is equal.} 13. dxc5 {Threatens to win with Ne5.} Qe8 14. Qb4 (14. Bxf6 $11 Nxf6 15. a4) 14... h6 15. Be3 Rc8 {[%cal Rd7c5]} 16. a4 Nxc5 17. axb5 Nce4 18. Qa5 Nxc3 19. bxc3 Qxb5 20. Qxb5 axb5 21. Bd4 Bd5 22. Ne5 Bxg2 23. Kxg2 Nd5 24. Rd3 f6 (24... b4 $11) 25. Ng6 $36 {[%mdl 2048] Strongly threatening e4. White has strong initiative.} Rf7 26. e4 Nc7 27. Ra7 (27. f4 {with more complications.} f5 28. exf5 exf5 29. Ra7 Bd6 30. Rb7) 27... Bf8 28. Nxf8 Kxf8 29. Bc5+ Kg8 30. Bb4 $1 e5 31. Rd6 (31. Kf3 $16) 31... Ne6 $11 32. Ra2 Nc5 $1 33. f3 Na4 34. Rad2 Rfc7 35. Rd8+ Rxd8 36. Rxd8+ {[%mdl 4096] Endgame KRB-KRN} Kf7 37. Rd3 Nb2 38. Rd2 Na4 39. Rd3 Nb2 40. Rd5 Na4 41. Ba5 Rc6 42. Rd7+ Kg8 43. Rd2 Rc4 44. Rd3 Nc5 45. Rd8+ Kh7 {...Nb7 is the strong threat.} 46. Rc8 (46. Rd5 {keeps more tension.} Na4 47. Rxb5 Nxc3 48. Bxc3 Rxc3 49. g4) 46... Nb3 47. Rxc4 bxc4 {KB-KN} 48. Bb4 Kg8 49. Kf2 Kf7 50. Ke3 h5 51. f4 Nc1 52. Bd6 Nd3 53. Bb8 g6 {[%cal Bg7g6,Bg6g5][%mdl 32]} 54. f5 Nc5 55. Bd6 Nd3 56. Ke2 Nc1+ 57. Ke3 Nd3 58. h3 g5 59. Bb8 (59. Bb4 $11) 59... Nc5 ({Black should try} 59... h4 $1 $17 60. gxh4 gxh4) 60. Ba7 Nd3 61. Kd2 Ke7 62. h4 gxh4 63. gxh4 Kd6 64. Bb6 Ke7 65. Ba5 Nf2 66. Ke3 Nd3 67. Bb6 Nf4 68. Bc5+ Kd7 69. Kd2 Ng2 70. Bf2 Kc6 $2 {[%mdl 8192]} (70... Kc7 $11 {and Black is okay.}) 71. Bg3 $1 $18 Kd6 {[#]} (71... Kb5 $18 72. Ke2 Kc5) 72. Ke2 $1 {[%cal Re2f3] White mates.} Nf4+ 73. Bxf4 $1 exf4 {[#]} 74. Kf2 $1 {[%cal Rf2g2]} Kc6 75. Kf3 Kc5 76. Kxf4 Kd6 77. e5+ Kd5 {Precision: White = 76%, Black = 59%.} 1-0